| Registos Bibliográficos associados ao registo de autoridade |
|
Etiqueta de registo: 00230nam 2200025 450 001 1751123 003 http://id.bnportugal.gov.pt/bib/catbnp/1751123 100 ## $a20100714d2007 k y0pory0103 ba 101 0# $apor$deng 102 ## $aPT 105 ## $aa m 000yy 106 ## $ar 200 1# $aEstudo da eficácia na redução do ruído de tráfego em pavimentos drenantes$fAdriana Paula da Silva Santos 210 #9 $a[Braga$cs.n.],$d2007 215 ## $aXXI, 224 p.$cil.$d30 cm 300 ## $aAcesso autorizado pelo autor apenas para efeitos de investigação mediante declaração
escrita do interessado 320 ## $aBibliografia, p. 175-179 328 #1 $aTese mestr. Engenharia Rodoviária, Escola de Eng. Univ. do Minho, 2007 675 ## $a625(043)$vBN$zpor$31400306 700 #1 $a Santos,$bAdriana Paula da Silva$31427717 801 #0 $aPT$bBN$gRPC 966 ## $lBN$mFGMON$sS.A. 134182 V.$x1
Etiqueta de registo: 00000nam 2200025 450 001 2285453 003 http://id.bnportugal.gov.pt/bib/catbnp/2285453 100 ## $a20260429d2024 k y0pory01030103ba 101 0# $apor$deng 102 ## $aPT 105 ## $aa m 000yy 106 ## $ar 200 1# $aUtilização de modelos longitudinais na previsão da degradação de pavimentos rodoviários
ao nível da rede$fAdriana Paula Da Silva Santos$gorient. Elisabete Fraga de Freitas, Susana Margarida Ferreira Sá Faria 210 #9 $a[S.l.$cs.n.],$d2024 215 ## $aXXXV, 364 p.$cil.$d30 cm 328 #1 $aTese dout. Engenharia Civil, Escola de Engenharia, Universidade do Minho, 2024 700 #1 $a Santos,$bAdriana Paula da Silva$31427717 702 #1 $aFreitas,$bElisabete Fraga de$4727$31019570 702 #1 $aFaria,$bSusana Margarida Ferreira de Sá$4727$3794493 801 #0 $aPT$bBN$gRPC 966 ## $lBN$mFGMON$x1 971 ## $corlando$d20260429
|
|
|